Khảo sát một số vi phân suy rộng và áp dụng vào bài toán tối ưu Báo cáo tổng kết đề tài nghiên cứu khoa học của sinh viên. Mã số SPD2017.02.38

Guardado en:
Detalles Bibliográficos
Autor principal: Đặng, Thị Bích Vân (Chủ nhiệm đề tài)
Otros Autores: Võ, Đức Thịnh (Hướng dẫn)
Formato: Conjunto Libro
Publicado: Đồng Tháp Trường Đại học Đồng Tháp 2018
Materias:
Etiquetas: Agregar Etiqueta
Sin Etiquetas, Sea el primero en etiquetar este registro!
Thư viện lưu trữ: Trung tâm Học liệu Lê Vũ Hùng, Trường Đại học Đồng Tháp
LEADER 01282ppm a22002658a 4500
001 00041672
005 20180619140648.0
008 170215s2015 ||||||Viesd
041 0 # |a Vie 
082 1 4 |b KH108S  |a 515 
100 1 # |a Đặng, Thị Bích Vân  |e Chủ nhiệm đề tài 
245 1 0 |b Báo cáo tổng kết đề tài nghiên cứu khoa học của sinh viên. Mã số SPD2017.02.38  |c Đặng Thị Bích Vân (chủ nhiệm đề tài); Võ Đức Thịnh (hướng dẫn)  |a Khảo sát một số vi phân suy rộng và áp dụng vào bài toán tối ưu 
260 # # |b Trường Đại học Đồng Tháp  |c 2018  |a Đồng Tháp 
300 # # |a 33 tr. +phụ lục  |c 30 cm.  |e 1 bản tóm tắt 
500 # # |a ĐTTS ghi: Bộ Giáo dục và Đào tạo. Trường Đại học Đồng Tháp 
653 # # |a Bài toán tối ưu 
653 # # |a Áp dụng 
653 # # |a Vi phân suy rộng 
653 # # |a Khảo sát 
653 # # |a Nghiên cứu khoa học 
653 # # |a Toán học 
700 1 # |e Hướng dẫn  |a Võ, Đức Thịnh 
852 # # |j KH.0000093 
910 |d 19/06/2018 
980 # # |a Trung tâm Học liệu Lê Vũ Hùng, Trường Đại học Đồng Tháp